| 000 | 01716nas a2200385 c 4500 | ||
|---|---|---|---|
| 001 | 291766 | ||
| 003 | BLK | ||
| 005 | 20240223111118.0 | ||
| 008 | 180413b bul raner|||| |0| c1bulo| | ||
| 010 | _aPRD00002663000 | ||
| 022 | _aC605-496X | ||
| 040 | _aBLK | ||
| 041 |
_aBUL _cBUL |
||
| 080 |
_aМеждународни политически отношения. Световна политика. Международна политика. Дипломация _b327 _x(497.215) _z327(497.215) |
||
| 110 | 1 |
_aИзд. на Клуба Приятели на Германия и немскоговорящите страни _eРед. кол.: Константин Бакалов - глав. ред. и др. _9358211 |
|
| 245 | 1 | 0 |
_aБУДИЛНИК _bВестник за приятелство, култура и бизнес _cИзд. на Клуба Приятели на Германия и немскоговорящите страни ; Ред. кол.: Константин Бакалов - глав. ред. и др. _fНачална год. на издаване: Год. 1, № 1 (1991), |
| 257 | _aBGR | ||
| 260 |
_bКлуб Приятели на Германия и немскоговорящите страни _c1991 _fДФ Дунав-прес |
||
| 300 | _c42 | ||
| 310 | _eсрок за съхранение: 99 | ||
| 380 | _a3 | ||
| 852 | _aВ 851 | ||
| 852 | _aК 0/Б 84 | ||
| 856 |
_qpdf _u |
||
| 856 |
_qpdf _u |
||
| 942 |
_cNSP _n0 _s1 |
||
| 944 |
_aCR _cВася_Ганчева _k30545 _lНора Радева |
||
| 944 |
_aED _k03.06.2014 |
||
| 999 |
_c291766 _d291766 |
||
| 999 | _d291766 | ||
| 999 | _d291766 | ||
| 999 | _d291766 | ||
| 999 | _d291766 | ||
| 999 | _d291766 | ||
| 999 | _d291766 | ||